000 01465nam0a2200325 4500
001 RU\NLR\bibl\970544
005 20250614211243.0
010 _a5-8119-0267-0
_9100
021 _aRU
_b2006-37395
_91876
035 _a(NLR Aleph) 000958507
090 _a324460
_c324460
100 _a20060727d2006 |||y0rusy50 ca
101 0 _arus
102 _aRU
105 _ay |||||||||
200 1 _aФилософия реформ
_eматериалы межвузовской научной конференции, апрель 2006 г.
_f[редкол.: ... Лихачев Г.Д., д.ф.н., проф. - отв. ред. и др.]
210 _aНовосибирск
_cНовосибирская государственная академия водного транспорта
_d2006
215 _a303 с.
_d21
300 _aВ надзаг.: М-во трансп. Рос. Федерации, Новосиб. гос. акад. вод. трансп., Акад. гуманит. наук
320 _aБиблиогр. в примеч. в конце докл.
606 1 _aФилософия и общество
_jСъезды, совещания и т.п.
_91709127
_3RU\NLR\auth\661059226
686 _aЮ6я431
686 _aЮ252
_bС.я431
702 1 _aЛихачев
_bГ. Д.
_4340
801 0 _aRU
_bNLR
_c20060727
_grcr
801 1 _aRU
_bNLR
_c20060727
942 _cBOOK
980 _aNB